zpět

Detail výsledku týmu

Klub Tyjátr, Svitavy

Datum a čas kvízu

21 Celkem bodů Celkový počet nahraných bodů na tomto kvízu bez doplňovacích otázek.
7. Pořadí na kvízu Konečné umístění týmu na tomto kvízu.

Zaznamenané odpovědi

# Otázka Odpověď Body Výsledky
1. Bavorov, Nahořany, Andrea Čern... Princezna ze mlejna 1
2. Který spisovatel je autorem po... Jan Drda 0
3. Přejdeme k trochu novějším poh... 1C 2D 3B 4A 0
4. Ve kterém roce měl v českých k... roku 2016 (2015 a 2017 za 0,5 b.) 1
5. Doplňte dvě slova následující... zamává čepičkou 1
6. Uveďte název kultovního hororu... Vymítač ďábla / The Exorcist 1
7. Hannibal Lecter se v jedné scé... chianti 0
8. Která herečka, jež se dožila ú... Vlasta Chramostová 0
9. Ve kterém filmu má hlavní post... Osvícení 1
10. Jak se nazývá horor z roku 198... Věc, Ennio Morricone 0.5